Pokemon Gen1 Games (Red/Blue/Yellow) General Knowledge - Statistics

General Stats
  • This quiz has been taken 83 times
  • The average score is 8 of 17
Answer Stats
Hint Pokemon % Correct
The only pokemon to learn Thunderbolt by leveling up Pikachu
98%
The electric pokemons that do not learn any electric type move by leveling up Voltorb/Electrode
76%
Brock's most powerful pokemon Onix
74%
Sabrina's most powerful pokemon (yellow version) Alakazam
68%
One of the pokemons that could learn pin missile by leveling up Jolteon/Beedrill
59%
The pokemon that could have Flamethrower and Agility in its moveset by leveling up (2nd stage) Arcanine
53%
The pokemon with the highest HP (base stats) Chansey
50%
The last grass pokemon to be found in Pokedex Tangela
44%
The pokemon with the lowest total base stats Caterpie/Weedle
41%
The pokemon that according to some people could be found under a track Mew
41%
The fastest pokemon (base stats) Electrode
36%
The pokemon that sits next to Ditto and Gyarados in the Pokedex Lapras
36%
Gary's final pokemon in the pokemon league when the player looses in Prof. Oak's lab (yellow version) Vaporeon
36%
The only two pokemons that there is only one attack of their type available in the game. This applies for both the possible types of a pokemon. Dratini/Dragonair
33%
The pokemon with the highest attack (base stats) Dragonite
23%
The pokemon with the highest defence (base stats) Cloyster
21%
The pokemon #119 in the Pokedex Seaking
15%
No matching quizzes found
Score Distribution
Percent of People with Each Score
Percentile by Number Answered
Your Score History
You have not taken this quiz